Scanning electron microscopy and x-ray microanalysis / (Record no. 97377)
[ view plain ]
| 000 -LEADER | |
|---|---|
| fixed length control field | 00955cam a2200253 a 4500 |
| 008 - FIXED-LENGTH DATA ELEMENTS--GENERAL INFORMATION | |
| fixed length control field | |
| 020 ## - INTERNATIONAL STANDARD BOOK NUMBER | |
| International Standard Book Number | 047191391X (pbk.) |
| 049 ## - LOCAL HOLDINGS (OCLC) | |
| Holding library | MAIN |
| 090 ## - LOCALLY ASSIGNED LC-TYPE CALL NUMBER (OCLC); LOCAL CALL NUMBER (RLIN) | |
| Classification number (OCLC) (R) ; Classification number, CALL (RLIN) (NR) | QH212.S3 |
| Local cutter number (OCLC) ; Book number/undivided call number, CALL (RLIN) | LAW |
| 003 - CONTROL NUMBER IDENTIFIER | |
| control field | |
| 005 - DATE AND TIME OF LATEST TRANSACTION | |
| control field | 20230120144451.0 |
| 040 ## - CATALOGING SOURCE | |
| Transcribing agency | NUST |
| 100 1# - MAIN ENTRY--PERSONAL NAME | |
| Personal name | Lawes, Graham. |
| 245 10 - TITLE STATEMENT | |
| Title | Scanning electron microscopy and x-ray microanalysis / |
| Statement of responsibility, etc. | Grahame Lawes, editor Arthur M. James on behalf of ACOL. |
| 260 ## - PUBLICATION, DISTRIBUTION, ETC. | |
| Place of publication, distribution, etc. | Chichester [West Sussex] : |
| Name of publisher, distributor, etc. | Published on behalf of ACOL, Thames Polytecnic, London, by Wiley, |
| Date of publication, distribution, etc. | c1987. |
| 300 ## - PHYSICAL DESCRIPTION | |
| Extent | xvii, 103 p., [1] leaf of plate : |
| Other physical details | ill. (some col.) ; |
| Dimensions | 23 cm. |
| 490 1# - SERIES STATEMENT | |
| Series statement | Analytical Chemistry by Open Learning. |
| 650 #0 - SUBJECT ADDED ENTRY--TOPICAL TERM | |
| Topical term or geographic name entry element | Scanning electron microscopy |
| Form subdivision | X-ray microanalysis. |
| 650 #0 - SUBJECT ADDED ENTRY--TOPICAL TERM | |
| Topical term or geographic name entry element | X-ray microanalysis. |
| 700 1# - ADDED ENTRY--PERSONAL NAME | |
| Personal name | James, Arthur M. |
| 830 #0 - SERIES ADDED ENTRY--UNIFORM TITLE | |
| Uniform title | Analytical Chemistry by Open Learning (Series) |
| 907 ## - LOCAL DATA ELEMENT G, LDG (RLIN) | |
| a | .b10280455 |
| b | 08-08-13 |
| c | 16-08-10 |
| 942 ## - ADDED ENTRY ELEMENTS (KOHA) | |
| Koha item type | Ordinary Loan Books |
| Call number prefix | QH212.S3 |
| Call number suffix | LAW |
| Date last seen | Total Checkouts | Full call number | Barcode | Accession number | Cost, replacement price | Price effective from | Koha item type | Public note | Lost status | Source of classification or shelving scheme | Damaged status | Not for loan | Collection | Withdrawn status | Home library | Current library | Shelving location | Date acquired | Source of acquisition | Cost, normal purchase price |
|---|---|---|---|---|---|---|---|---|---|---|---|---|---|---|---|---|---|---|---|---|
| 01/20/2023 | QH212.S3 LAW | 92004014126 | 16170 | 30.00 | 05/16/2023 | BOOKS | Donation | LCC | NFIC | MAIN | MAIN | GEN | 05/16/2023 | Book Aid International | 80.00 |